000 00466nam a22001817a 4500
008 180910b xxu||||| |||| 00| | tur d
020 _a9758829408
041 _atur
050 _aPL248.M2613
100 _aMağden, Reha
_91266
245 _aCehennemde Bir Şehit
250 _a1. Baskı
260 _aİstanbul
_bAgora Kitaplığı
_cAğustos 2004
300 _a99 sayfa
500 _aTürkçe Edebiyat: 4
650 0 _9145
_aTürk Edebiyatı
942 _2lcc
_cBK
999 _c2422
_d2381